Normal view
MARC view
- Bhirud, GN
Entry Personal Name
001 - CONTROL NUMBER
- control field: 6934
003 - CONTROL NUMBER IDENTIFIER
- control field: OSt
005 - DATE AND TIME OF LATEST TRANSACTION
- control field: 20250115123336.0
008 - FIXED-LENGTH DATA ELEMENTS
- fixed length control field: 250115|| aca||aabn | a|a d
040 ## - CATALOGING SOURCE
- Original cataloging agency: OSt
- Transcribing agency: OSt
100 ## - HEADING--PERSONAL NAME
- Personal name: Bhirud, GN
670 ## - SOURCE DATA FOUND
- Source citation: Work cat.: (OSt)19027: Bhirud, GN, Basic Polytechnic Mathematics, 1984.
